Black Colored Pokemons - Statistics

General Stats
  • This quiz has been taken 16 times
  • The average score is 35 of 52
Answer Stats
Generations Types Answer % Correct
Dark Darkrai
92%
Dark/Fire Houndoom
92%
Dark/Fire Houndour
92%
Johto Dark Umbreon
92%
Dragon/Electric Zekrom
92%
Dark/Flying Murkrow
85%
Ghost Banette
77%
Ghost/Fire Chandelure
77%
Ghost Dusclops
77%
Ghost Dusknoir
77%
Ghost Duskull
77%
Ghost/Dragon Giratina
77%
Sinnoh Dark/Flying Honchkrow
77%
Ghost/Fire Lampent
77%
Hoenn Steel/Fairy Mawile
77%
Unova Electric Blitzle
69%
Alola Normal/Flying Pikipek
69%
Poison/Fire Salandit
69%
Poison/Fire Salazzle
69%
Kalos Bug Scatterbug
69%
Ghost Shuppet
69%
Dark/Ice Sneasel
69%
Kanto Normal Snorlax
69%
Bug Spewpa
69%
Normal/Flying Toucannon
69%
Normal/Flying Trumbeak
69%
Dark/Ice Weavile
69%
Ghost Yamask
69%
Dark/Grass Zarude
69%
Electric Zebstrika
69%
Rock/Fire Carkol
62%
Normal/Flying Chatot
62%
Ground/Psychic Claydol
62%
Rock/Fire Coalossal
62%
Normal Munchlax
62%
Hisui Dark/Poison Overqwil
62%
Water Pyukumuku
62%
Galar Rock Rolycoly
62%
Poison Seviper
62%
Psychic/Flying Sigilyph
62%
Psychic Unown
62%
Dark/Dragon Guzzlord
54%
Psychic Necrozma
54%
Ghost Spectrier
54%
Paldea Electric/Flying Wattrel
54%
Poison/Fairy Fezandipiti
46%
Dark/Steel Kingambit
46%
Poison/Psychic Munkidori
46%
Poison/Figting Okidogi
46%
Psychic Spoink
46%
Grass/Ground Toedscruel
46%
Electric Xurkitree
46%
No matching quizzes found
Score Distribution
Percent of People with Each Score
Percentile by Number Answered
Your Score History
You have not taken this quiz